La infancia en la narrativa española de postguerra, 1939-1978

Salvato in:
Dettagli Bibliografici
Autore principale: Godoy Gallardo, Eduardo (autor)
Natura: Libro
Lingua:spagnolo
Pubblicazione: Madrid Playor 1979
Serie:Colección Nova scholar
Soggetti:
Tags: Aggiungi Tag
Nessun Tag, puoi essere il primo ad aggiungerne!!

MARC

LEADER 00000cam a2200000 a 4500
001 UCX2797
003 CL-VaPUC
008 910813e19790000SP |||||||||||||||||spa|d
020 |a 8435902099 
082 0 4 |a 863.09  |b GOD  |2 21 
100 |a Godoy Gallardo, Eduardo   |e autor  |9 887659 
245 1 3 |a La infancia en la narrativa española de postguerra, 1939-1978 
300 |a 198 p 
942 |c BK 
945 |d 19910813 00:00:00 
260 |a Madrid  |b Playor  |c 1979 
650 7 |a NIÑOS EN LA LITERATURA  |2 CL-VaPUC  |9 318889 
650 0 |a Literatura española  |9 306261 
650 0 |a Historia y crítica, siglo 20  |9 269384 
650 7 |a NOVELA ESPAÑOLA  |2 CL-VaPUC  |9 313139 
583 |a last modification  |c 20130408 01:16:06  |k Rodrigo Vera 
490 0 |a Colección Nova scholar 
999 |c 223741  |d 223739 
952 |0 0  |1 0  |4 0  |6 863_090000000000000_GOD_1979  |7 0  |8 A  |9 219805  |a FDOPOS  |b FDOPOS  |d 2019-11-15  |i 2884933  |o 863.09 GOD 1979  |p 2884933  |r 2025-01-22  |w 2019-11-15  |y BK  |k MLH 
952 |0 0  |1 0  |4 0  |6 863_090000000000000_GOD_1979  |7 0  |8 A  |9 219806  |a BIBEDU  |b BIBEDU  |d 2019-11-15  |i 2884941  |o 863.09 GOD 1979  |p 2884941  |r 2019-11-15  |w 2019-11-15  |y BK  |k LIT 
952 |0 0  |1 0  |4 0  |6 863_090000000000000_GOD_1979  |7 0  |8 A  |9 219807  |a BIBEDU  |b BIBEDU  |d 2019-11-15  |i 288495K  |o 863.09 GOD 1979  |p 288495K  |r 2019-11-15  |w 2019-11-15  |y BK  |k LIT 
952 |0 0  |1 0  |4 0  |6 863_090000000000000_GOD_1979  |7 0  |8 A  |9 219808  |a BIBEDU  |b BIBEDU  |d 2019-11-15  |i 3273725  |o 863.09 GOD 1979  |p 3273725  |r 2019-11-15  |w 2019-11-15  |y BK  |k LIT 
952 |0 0  |1 0  |4 0  |6 863_090000000000000_GOD_1979  |7 0  |8 A  |9 219809  |a BIBEDU  |b BIBEDU  |d 2019-11-15  |i 3798313  |o 863.09 GOD 1979  |p 3798313  |r 2019-11-15  |w 2019-11-15  |y BK  |k LIT 
952 |0 0  |1 0  |4 0  |6 863_090000000000000_GOD_1979  |7 0  |8 A  |9 219810  |a BIBEDU  |b BIBEDU  |d 2019-11-15  |i 4961986  |o 863.09 GOD 1979  |p 4961986  |r 2019-11-15  |w 2019-11-15  |y BK  |k LIT